|
|
|
|
| LEADER |
01013nam a2200253 a 4500 |
| 001 |
262649271 |
| 008 |
120620s2007 maua b 000 0 eng d |
| 040 |
|
|
|a Q2U
|c Q2U
|d MXC
|d BD-DhAAL
|
| 082 |
0 |
0 |
|a 610.73/7023
|2 22
|
| 245 |
0 |
0 |
|a Exploring the gender dimensions of the global health workforce /
|c edited by Laura Reichenbach
|
| 260 |
|
|
|a Cambridge, MA :
|b Global Equity Initiative, Harvard University,
|c c2007
|
| 300 |
|
|
|a x, 201 p. :
|b ill. ;
|c 23 cm
|
| 504 |
|
|
|a Includes bibliographical references
|
| 541 |
|
|
|e 00025428
|
| 650 |
0 |
|
|a Health Manpower
|
| 650 |
0 |
|
|a World Health
|
| 650 |
0 |
|
|a Caregivers
|x trends
|
| 650 |
0 |
|
|a Health Personnel
|x utilization
|
| 650 |
0 |
|
|a Minority Health
|
| 700 |
1 |
|
|a Reichenbach, Laura
|
| 710 |
2 |
|
|a Harvard University.
|b Global Equity Initiative
|
| 852 |
1 |
|
|a Ayesha Abed Library
|c General shelf.
|
| 999 |
|
|
|c 12417
|d 12417
|
| 952 |
|
|
|0 0
|1 0
|2 ddc
|4 0
|6 610_737023000000000_EXP
|7 0
|9 20553
|a JPGSPH
|b JPGSPH
|c GEN
|d 2012-06-24
|l 0
|o 610.737023 EXP
|p 3060025428
|r 2012-06-24
|t 1
|w 2012-06-24
|y BK
|